[Event "Madrid-chT 1415"]
[Site "Madrid"]
[Date "2015.02.08"]
[Round "9.1"]
[White "Iturbide Arnedo, Oscar"]
[Black "Alarcia Astiz, Carlos"]
[Result "0-1"]
[WhiteElo "2168"]
[BlackElo "2337"]
[PlyCount "60"]
[EventDate "2014.11.23"]
[EventType "team-tourn"]
[EventRounds "14"]
[EventCountry "ESP"]
[SourceTitle "EXT 2016"]
[Source "ChessBase"]
[SourceDate "2015.10.08"]
[SourceVersion "1"]
[SourceVersionDate "2015.10.08"]
[SourceQuality "1"]
[WhiteTeam "Pueblo Nuevo"]
[BlackTeam "Blanco y Negro"]
[WhiteTeamCountry "ESP"]
[BlackTeamCountry "ESP"]

1. e4 c6 2. d4 d5 3. e5 Bf5 4. Nc3 e6 5. g4 Bg6 6. Nge2 h6 7. h4 c5 8. Be3 Nc6 9. dxc5 Nxe5 10. Nf4 Bh7 11. Bb5+ Nc6 12. Qe2 Nge7 13. 0-0-0 Qa5 14. Rd4 0-0-0 15. Ra4 Qc7 16. Bd2 a6 17. Bd3 Bxd3 18. Nxd3 e5 19. b4 e4 20. Bf4 exd3 21. Bxc7 dxe2 22. Bxd8 Kxd8 23. Nxe2 Ne5 24. Rg1 h5 25. g5 g6 26. Rd1 Kc7 27. Nf4 Bg7 28. Nxd5+ Nxd5 29. Rxd5 Nc4 30. c6 Nb6 0-1

[Event "Madrid-chT 1415"]
[Site "Madrid"]
[Date "2014.12.21"]
[Round "4.1"]
[White "Iturbide Arnedo, Oscar"]
[Black "Rabadan Velasco, Raul"]
[Result "1-0"]
[WhiteElo "2168"]
[BlackElo "2254"]
[PlyCount "73"]
[EventDate "2014.11.23"]
[EventType "team-tourn"]
[EventRounds "14"]
[EventCountry "ESP"]
[SourceTitle "EXT 2016"]
[Source "ChessBase"]
[SourceDate "2015.10.08"]
[SourceVersion "1"]
[SourceVersionDate "2015.10.08"]
[SourceQuality "1"]
[WhiteTeam "Pueblo Nuevo"]
[BlackTeam "Virgen de Atocha"]
[WhiteTeamCountry "ESP"]
[BlackTeamCountry "ESP"]

1. e4 d5 2. d4 dxe4 3. Nc3 Nf6 4. f3 e6 5. fxe4 Bb4 6. Bd3 c5 7. a3 Ba5 8. dxc5 Bxc3+ 9. bxc3 Qa5 10. Nf3 Qxc5 11. Rb1 Bd7 12. Qe2 Bc6 13. Be3 Qh5 14. 0-0 Nbd7 15. e5 Ng4 16. Bf4 Nh6 17. Nd4 Qxe2 18. Bxe2 Be4 19. Nb5 0-0 20. Nd6 Bxc2 21. Rxb7 Nc5 22. Rc7 Ne4 23. Bf3 Nxd6 24. exd6 Rad8 25. Rxa7 Nf5 26. d7 f6 27. g4 Ne7 28. Bd6 Kf7 29. c4 Bb3 30. c5 Bd5 31. Bxd5 exd5 32. Re1 Nc6 33. Rc7 Nd4 34. Bxf8 Nf3+ 35. Kf2 Nxe1 36. Kxe1 Rxf8 37. Rc8 1-0

[Event "Las Palmas Centro Goya op"]
[Site "Las Palmas"]
[Date "2014.12.06"]
[Round "6"]
[White "Moreno Antonio, Mario"]
[Black "Iturbide Arnedo, Oscar"]
[Result "1/2-1/2"]
[WhiteElo "1781"]
[BlackElo "2168"]
[PlyCount "37"]
[EventDate "2014.12.01"]
[EventType "swiss"]
[EventRounds "9"]
[EventCountry "ESP"]
[SourceTitle "CBM 163 Extra"]
[Source "ChessBase"]
[SourceDate "2014.12.23"]
[SourceVersion "1"]
[SourceVersionDate "2014.12.23"]
[SourceQuality "1"]

1. d4 b6 2. Bf4 Bb7 3. e3 g6 4. Nf3 Bg7 5. Bc4 Nf6 6. h3 0-0 7. 0-0 d6 8. c3 Nbd7 9. Nbd2 c5 10. Qc2 Qc7 11. Rfe1 e5 12. dxe5 dxe5 13. Bh2 Qc6 14. a4 a6 15. Qb3 h6 16. e4 Qd6 17. Rad1 Qe7 18. Qc2 Rfe8 19. Nf1 1/2-1/2

[Event "Madrid San Viator op 22nd"]
[Site "Madrid"]
[Date "2014.05.25"]
[Round "8"]
[White "Iturbide Arnedo, Oscar"]
[Black "Renteria Becerra, Jorge Elicer"]
[Result "1-0"]
[WhiteElo "2128"]
[BlackElo "2299"]
[PlyCount "135"]
[EventDate "2014.03.23"]
[EventType "swiss"]
[EventRounds "9"]
[EventCountry "ESP"]
[SourceTitle "EXT 2015"]
[Source "ChessBase"]
[SourceDate "2014.11.20"]
[SourceVersion "1"]
[SourceVersionDate "2014.11.20"]
[SourceQuality "1"]

1. e4 c5 2. Nc3 e6 3. g3 d5 4. exd5 exd5 5. Bg2 Nf6 6. d3 d4 7. Ne4 Nxe4 8. dxe4 Be7 9. Ne2 0-0 10. 0-0 Nc6 11. Nf4 Rb8 12. a4 b6 13. Nd5 Bd6 14. f4 Ne7 15. c4 dxc3 16. bxc3 Nxd5 17. Qxd5 Be7 18. Qc4 a6 19. Be3 b5 20. axb5 axb5 21. Qe2 Be6 22. Rfd1 Qb6 23. Qf2 Rfd8 24. f5 Bb3 25. Rxd8+ Rxd8 26. e5 Bf8 27. Be4 Bc4 28. Qf4 Re8 29. e6 Bxe6 30. fxe6 Qxe6 31. Ra8 Rxa8 32. Bxa8 b4 33. c4 b3 34. Bd5 b2 35. Be4 Qxc4 36. Bb1 Qb3 37. Qe4 g6 38. Qd3 Qb4 39. Bd2 Qb6 40. Kg2 Bg7 41. Qd5 h5 42. Qa8+ Kh7 43. Qd5 Kg8 44. Qa8+ Kh7 45. Qd5 Kg8 46. Be3 Bf8 47. Bd2 Bg7 48. Be3 Bf8 49. Bf2 Qc7 50. Bxg6 c4 51. Bc2 Bg7 52. Qf5 c3 53. Bc5 Qc6+ 54. Be4 Qh6 55. Qc8+ Bf8 56. Qxf8+ Qxf8 57. Bxf8 Kxf8 58. Kf3 Ke7 59. Ke3 Ke6 60. Kd4 f5 61. Bd3 h4 62. Kxc3 hxg3 63. hxg3 Ke5 64. Kd2 f4 65. g4 f3 66. g5 Kf4 67. g6 f2 68. Ke2 1-0